Obálka Náhled e-knihy:
PDF Epub
Pro půjčování e-knih musíte být přihlášeni.
Jak si půjčit online?

Veršované pohádky /

„Jahodový básník“ František Tylšar už roky rozdává radost svými osobitými verši, a to jak dospělým, tak dětem.Tato kniha je souborem šesti krásných veršovaných pohádek, které si vaše děti jistě zamilují.

Uloženo v:
Hlavní autor: Tylšar, František (Autor)
Médium: E-kniha
Jazyk:Czech
Vydáno: Praha : E-knihy jedou, 2019
Tagy:
Žádné tagy
LEADER 01190nam a22002297i 4500
001 311079
007 ta
008 260601s2019 xr ||||| |||| 00| 0 cze d
020 |a 9990002012112 
044 |a xr 
100 1 |a  Tylšar, František  |4 aut 
245 1 0 |a Veršované pohádky /  |c  Tylšar, František 
264 1 |a Praha :  |b E-knihy jedou,  |c 2019 
300 |a 1 online zdroj (216 stran) 
336 |a text  |b txt  |2 rdacontent 
337 |a bez média  |b n  |2 rdamedia 
338 |a online zdroj  |b cr  |2 rdacarrier 
520 2 |a „Jahodový básník“ František Tylšar už roky rozdává radost svými osobitými verši, a to jak dospělým, tak dětem.Tato kniha je souborem šesti krásných veršovaných pohádek, které si vaše děti jistě zamilují. 
910 |a RBIT002 
998 |d 201211  |a https://core.palmknihy.cz/api/books/201211/cover?pwa8ef  |b https://core.palmknihy.cz/api/books/201211/cover/400?pwa8ef  |c https://core.palmknihy.cz/api/books/201211/cover/50?pwa8ef  |e   |g 216  |i 9990002012112  |j https://core.palmknihy.cz/api/books/201211/preview.epub  |k https://core.palmknihy.cz/api/books/201211/preview.pdf  |l   |q 49  |r 1  |s https://www.palmknihy.cz/kniha/201211  |t ebook  |y 2019  |z 1 
999 |d 311077